Innovations in activities for the elderly : proceedings of the 1984 national association of activity professionals convention (Record no. 215569)

MARC details
000 -LEADER
fixed length control field 00802nam a2200217Ia 4500
008 - FIXED-LENGTH DATA ELEMENTS--GENERAL INFORMATION
fixed length control field 191130s1985##################000#0#eng##
020 ## - INTERNATIONAL STANDARD BOOK NUMBER
ISBN 9780866563895
082 ## - DEWEY DECIMAL CLASSIFICATION NUMBER
Classification number 790.1926 COO
245 ## - TITLE STATEMENT
Title Innovations in activities for the elderly : proceedings of the 1984 national association of activity professionals convention
Statement of responsibility, etc Jane D. Cook, editor
260 ## - PUBLICATION, DISTRIBUTION, ETC. (IMPRINT)
Place of publication Binghamton, NY
Name of publisher Haworth Press
Year of publication 1985
300 ## - PHYSICAL DESCRIPTION
Number of Pages 120 p. ; 23 cm
500 ## - GENERAL NOTE
General note Includes bibliographical references and index
650 ## - SUBJECT ADDED ENTRY--TOPICAL TERM
Topical Term Older people - Institutional care - United States - Congresses
Topical Term Older people - Recreation - United States - Congresses
700 ## - ADDED ENTRY--PERSONAL NAME
Personal name Cook, Jane D
991 ## -
-- 374644
Holdings
Withdrawn status Lost status Damaged status Not for loan Home library Current library Shelving location Date acquired Full call number Accession Number Price effective from Koha item type
        Anna Centenary Library Anna Centenary Library 6TH FLOOR, B WING 13.10.2020 790.1926 COO 258408 13.10.2020 English Books

Find us on the map